Представление документа в формате MARC21

Поле Инд. ПП Название Значение
Тип записи a
Библиографический уровень b
001 Контрольный номер RU/IS/BASE/102274054
005 Дата корректировки 20200522190636.2
084 a Индекс другой классификации/Индекс ББК 30.606; 20.117в
100 10 a Автор Белов П. Г.
245 00 a Заглавие Методологические основы производственно-экологической безопасности
504 00 a Библиография Библиогр.: с. 9
650 a Основная рубрика техника
a Основная рубрика технология
a Основная рубрика экология
653 00 a Ключевые слова безопасность
a Ключевые слова опасность
a Ключевые слова организация производства
a Ключевые слова системное исследование
a Ключевые слова управление безопасностью
a Ключевые слова экологическая безопасность
773 00 t Заглавие источника Инженерная экология
d Дата издания источника 2000
g Прочая информация № 2. - С. 3 - 9
w Контрольный № источника RU/IS/BASE/102273172
901 t Тип документа b